000 00755nam a2200241 i 4500
003 DO-SdBNP
005 20231128100841.0
007 ta
008 110413s1967 dr 000 j spa d
040 _aDO-SdBNP
_bspa
_cBNPHU
_erda
082 _bM524
_222
100 _aMella Chavier, Georgilio
_d1923-1988
_929238
245 1 3 _aEl adulto en el aprendizaje (II) /
_cGeorgilio Mella Chavier
264 1 _aSanto Domingo :
_bInstituto de Promoción Social,
_c1967.
300 _a55 páginas
_c19 cm.
336 _2rdacontent
_atexto
_btxt
337 _2rdamedia
_asin mediación
_bn
338 _2rdacarrier
_avolumen
_bnc
490 1 _aBiblioteca del promotor
_aEducación
_v2
590 _aInventariado, 2023/ YL
910 _aYLockward
942 _2ddc
_cLBS1
999 _c55603
_d55603